| 000 | 00897cam a2200205 4500 | ||
|---|---|---|---|
| 001 | WB3627-15 | ||
| 008 | 000000n2000 000 0 eng u | ||
| 035 | _a(Sirsi) u107101 | ||
| 245 | _aUse only approved letting agents | ||
| 260 | _c2000 | ||
| 490 |
_aEstate Agent _vJune/July 2000 4-5(2) |
||
| 520 | _aWith a dramatic increase in the private rented sector predicted, tenants and landlords are urged to use a reputable agent. The National Approved Letting Scheme, a collaboration involving the RICS, says an approved agent will ensure the whole let is unproblematic and financially sound. To promote this a free factsheet and website for consumers is available. | ||
| 590 | _aWB | ||
| 650 | _aNATIONAL APPROVED LETTING SCHEME | ||
| 650 | _aLETTING AGENTS | ||
| 650 | _aPRIVATE RENTED SECTOR | ||
| 650 | _aRESIDENTIAL LETTINGS | ||
| 690 | _aHOUSING-PRIVATE RENTED SECTOR | ||
| 942 | _n0 | ||
| 999 |
_c64046 _d64046 |
||